Statistics for Camouflaged Countries in Reverse #3

Click here to take the quiz!

General Stats

  • This quiz has been taken 30 times
  • The average score is 7 of 10

Answer Stats

HintCountry% Correct
Now listen, I told you to phone me yesterday!Yemen
92%
He is a maniac; I am a judge who'll put him awayJamaica
79%
The gorilla gene sequence has just been completedSenegal
79%
A man, a plan, a canal ... Suez! Wait, what?Panama
71%
I have never seen so bad an actor in my lifeCanada
71%
In this forest most serene, dew settles on leavesSweden
67%
David could not have slain a more formidable foeRomania
67%
As warden of this prison, I ram nasty truths homeSan Marino
63%
I'll give my little brat a quick bath before bedtimeQatar
63%
I can't believe I paid nine dollars for that burgerIndia
42%

Score Distribution

Percentile by Number Answered

Percent of People with Each Score

Your Score History

You have not taken this quiz